Türkiye'de demokrasi sürecinde sivil toplumun gelişimi / (Kayıt no. 9880)

MARC ayrıntıları
000 -BAŞLIK
Sabit Uzunluktaki Kontrol Alanı 00587nam a22001937a 4500
003 - KONTROL NUMARASI KİMLİĞİ
Kontrol Alanı KOHA_MİRAKIL
005 - EN SON İŞLEM TARİHİ ve ZAMANI
Kontrol Alanı 20251221170717.0
008 - SABİT UZUNLUKTAKİ VERİ ÖGELERİ - GENEL BİLGİ
Sabit Alan 251221b tu ||||| |||| 00| 0 tur d
020 ## - ISBN - ULUSLARARASI STANDART KİTAP NUMARASI
Isbn 9786051960814
040 ## - KATALOGLAMA KAYNAĞI
Özgün Kataloglama Kurumu TR-AnABB
Kataloglama Dili tur
Çeviri Kurumu TR-AnABB
041 ## - DİL KODU
Metin ya da ses kaydının dil kodu tur
082 ## - DEWEY ONU SINIFLAMA SİSTEMİ
Sınıflama Numarası 366.09561
Cutter numarası ARS 2017
100 1# - KİŞİ ADI
Yazar Adı (Kişi adı) Arslanel, Müşfika Nazan,
245 10 - ESER ADI BİLDİRİMİ
Başlık Türkiye'de demokrasi sürecinde sivil toplumun gelişimi /
Sorumluluk Bildirimi Müşfika Nazan Arslanel
260 ## - YAYIN, DAĞITIM, VB.
Yayın Yeri Konya :
Yayınevi Çizgi Kitabevi,
300 ## - FİZİKSEL TANIMLAMA
Sayfa, Cilt vb. 184 sayfa ;
Boyutları 21 cm
650 04 - KONU BAŞLIĞI EK GİRİŞ - KONU TERİMİ
Konusal terim veya coğrafi ad Sivil toplum örgütleri
942 ## - EK GİRİŞ ÖGELERİ (KOHA)
Sınıflama Kaynağı Dewey Decimal Classification
Materyal Türü Kitap
900 ## - YEREL BİLGİ
Kontrol Gizem YORULMAZ
Mevcut
Geri Çekilme Durumu Kayıp Durumu Sınıflandırma Kaynağı Kredi için değil Kalıcı Konum Mevcut Konum Kayıt Tarih Toplam Ödünçverme Yer Numarası Demirbaş Numarası Son Görülme Tarihi Fatura Tarihi Materyal Türü
    Dewey Decimal Classification   Büyükşehir Genç Akademi Batıkent Büyükşehir Genç Akademi Batıkent 21/12/2025   366.09561 ARS 2017 ABB126164 21/12/2025 21/12/2025 Kitap